[Event "Toluca Interzonal"]
[Site "Toluca"]
[Date "1982.??.??"]
[Round "1"]
[White "Adorjan, Andras"]
[Black "Polugaevsky, Lev"]
[Result "1/2-1/2"]
[WhiteElo "2510"]
[BlackElo "2610"]

1.c4 Nf6 2.Nc3 e6 3.e4 c5 4.e5 Ng8 5.Nf3 Nc6 6.d4 cxd4 7.Nxd4 Nxe5 8.Ndb5 a6
9.Nd6+ Bxd6 10.Qxd6 f6 11.Be3 Ne7 12.Bb6 Nf5 13.Bxd8 Nxd6 14.Bc7 Ke7 15.c5 Ne8
16.Bb6 d5 17.cxd6+ Nxd6 18.O-O-O Nef7  1/2-1/2

[Event "Toluca Interzonal"]
[Site "Toluca"]
[Date "1982.??.??"]
[Round "7"]
[White "Jussupow, Artur"]
[Black "Hulak, Krunoslav"]
[Result "1/2-1/2"]
[WhiteElo "2555"]
[BlackElo "2495"]

1.d4 Nf6 2.c4 e6 3.Nf3 c5 4.d5 exd5 5.cxd5 d6 6.Nc3 g6 7.Bg5 h6 8.Bh4 a6
9.a4 Bg7 10.e3 g5 11.Bg3 Nh5 12.Bd3 Nxg3 13.hxg3 Nd7 14.Qc2 Rb8 15.Bf5 b5
16.axb5 axb5 17.Ra7 Qb6 18.Ra2 b4 19.Na4 b3 20.Qe4+ Kd8 21.Nxb6 bxa2 22.O-O Rxb6
23.Nd2 Re8 24.Qa4 Ra6 25.Qb5 a1=Q 26.Rxa1 Rxa1+ 27.Kh2 Re7 28.Nb3 Ra6 29.Na5 Kc7
30.Nc6 Rb6 31.Qa5 Re8 32.Bxd7 Bxd7 33.Qa7+ Rb7 34.Qa5+ Rb6 35.Qa7+ Rb7 36.Qa5+ Kc8
37.Qa8+  1/2-1/2

[Event "Toluca Interzonal"]
[Site "Toluca"]
[Date "1982.??.??"]
[Round "11"]
[White "Spassky, Boris V"]
[Black "Nunn, John DM"]
[Result "1/2-1/2"]
[WhiteElo "2610"]
[BlackElo "2565"]

1.d4 Nf6 2.c4 c5 3.d5 e6 4.Nc3 exd5 5.cxd5 d6 6.e4 g6 7.f3 Bg7 8.Bg5 O-O
9.Qd2 a6 10.a4 Nbd7 11.Nh3 Qa5 12.Ra3 c4 13.Nf2 Qc7 14.Be2 Rb8 15.a5 b5 16.axb6 Nxb6
17.Bh6 Bxh6 18.Qxh6 Qc5 19.O-O Re8 20.Rd1 Nfd7 21.f4 Nf6 22.Kf1 Nbd7 23.Ra2 Qe3
24.Qh4 Kg7 25.Qg3 Qxg3 26.hxg3 Nc5 27.Rd4 Nb3 28.Rd1 Nc5  1/2-1/2

[Event "Toluca Interzonal"]
[Site "Toluca"]
[Date "1982.??.??"]
[Round "13"]
[White "Rodriguez, Amador"]
[Black "Kouatly, Bachar"]
[Result "0-1"]
[WhiteElo "2480"]
[BlackElo "2440"]

1.e4 c5 2.Nf3 Nc6 3.d4 cxd4 4.Nxd4 Nf6 5.Nc3 Qb6 6.Nb3 e6 7.Bd3 a6 8.O-O Be7
9.a4 Qc7 10.f4 d6 11.Be3 Nb4 12.a5 e5 13.Na4 Be6 14.Nb6 Rd8 15.c4 Ng4 16.Bc1 exf4
17.Bxf4 g5 18.Be2 h5 19.Bd2 d5 20.Bxg4 hxg4 21.exd5 Qxh2+ 22.Kf2 Rh3 23.Bxb4 Bxb4
24.Qd4 Rxb3  0-1